The effect of different rooting growth reulators on root ability of acacia and eucal yptus clones at kompong seila district sihanouk province, លទ្ធភាពនៃការដុះលូតលាស់របស់ឬសរុក្ខជាតិប្រេងខ្យល់ និង អាកាស្យាតាមរយៈការប្រើប្រាស់អ័រមូននៅស្រុកកំពង់សិលា​ខេត្តព្រះសីហនុ (Record no. 3410)

000 -LEADER
fixed length control field 00855nam a22001577a 4500
003 - CONTROL NUMBER IDENTIFIER
control field OSt
005 - DATE AND TIME OF LATEST TRANSACTION
control field 20151113162238.0
008 - FIXED-LENGTH DATA ELEMENTS--GENERAL INFORMATION
fixed length control field 151113b xxu||||| |||| 00| 0 eng d
040 ## - CATALOGING SOURCE
Transcribing agency RUA
082 ## - DEWEY DECIMAL CLASSIFICATION NUMBER
Classification number FOR SRE 2010 B139 Or.1
100 ## - MAIN ENTRY--PERSONAL NAME
9 (RLIN) 3662
Personal name SRENG, SOK LEU.
245 ## - TITLE STATEMENT
Title The effect of different rooting growth reulators on root ability of acacia and eucal yptus clones at kompong seila district sihanouk province, លទ្ធភាពនៃការដុះលូតលាស់របស់ឬសរុក្ខជាតិប្រេងខ្យល់ និង អាកាស្យាតាមរយៈការប្រើប្រាស់អ័រមូននៅស្រុកកំពង់សិលា​ខេត្តព្រះសីហនុ
260 ## - PUBLICATION, DISTRIBUTION, ETC. (IMPRINT)
Place of publication, distribution, etc. Phnom Penh
Name of publisher, distributor, etc. RUA
Date of publication, distribution, etc. 2010
300 ## - PHYSICAL DESCRIPTION
Extent xii; 59cm.
Other physical details ill.
Dimensions 29cm.
942 ## - ADDED ENTRY ELEMENTS (KOHA)
Source of classification or shelving scheme
Koha item type FOR
Holdings
Price effective from Date last seen Permanent Location Not for loan Date acquired Source of classification or shelving scheme Koha item type Barcode Lost status Damaged status Shelving location Withdrawn status Current Location Full call number
2015-11-132015-11-13Library Block B 2015-11-13 FORRUA026401  B139 Library Block BFOR SRE 2010 B139 Or.1
2015-11-132015-11-13Library Block B 2015-11-13 FORRUA026029  B139 Library Block BFOR SRE 2010 B139 Or.2
2015-11-132015-11-13Library Block B 2015-11-13 FORRUA026330  B139 Library Block BFOR SRE 2010 B139 Or.3
2015-11-132015-11-13Library Block B 2015-11-13 FORRUA026322  B139 Library Block BFOR SRE 2010 B139 Or.4
2015-11-132015-11-13Library Block B 2015-11-13 FORRUA026040  B139 Library Block BFOR SRE 2010 B139 Or.5
2015-11-132015-11-13Library Block B 2015-11-13 FORRUA026055  B139 Library Block BFOR SRE 2010 B139 Or.6
2015-11-132015-11-13Library Block B 2015-11-13 FORRUA026250  B139 Library Block BFOR SRE 2010 B139 Or.7
មជ្ឈមណ្ឌលឯការនៃសាកលវិទ្យាល័យភូមិន្ទកសិកម្មចំការដូង

Powered by Koha